Unreal Tournament Maps - Statistics

General Stats
  • This quiz has been taken 21 times
  • The average score is 19 of 45
Answer Stats
Ladder Maps % Correct
Capture the Flag LavaGiant
83%
Capture the Flag Coret
75%
Capture the Flag Face
75%
Capture the Flag November
75%
Capture the Flag Dreary
67%
Capture the Flag Gauntlet
67%
Capture the Flag Command
58%
Capture the Flag Hydro
58%
Capture the Flag Niven
58%
Assault Overlord
58%
Capture the Flag EternalCave
50%
Championship Morpheus
50%
Capture the Flag Orbital
50%
Deathmatch Codex
42%
Deathmatch Galleon
42%
Deathmatch Liandri
42%
Assault Mazon
42%
Deathmatch Oblivion
42%
Championship Phobos
42%
Deathmatch Pressure
42%
Assault Rook
42%
Championship Zeto
42%
Domination Condemned
33%
Deathmatch Conveyor
33%
Domination Cryptic
33%
Assault Frigate
33%
Domination Gearbolt
33%
Domination Gharden
33%
Deathmatch Grinder
33%
Assault HiSpeed
33%
Championship Hyperblast
33%
Deathmatch Malevolence
33%
Domination Metaldream
33%
Assault Oceanfloor
33%
Domination Olden
33%
Deathmatch Peak
33%
Domination Sesmar
33%
Deathmatch Shrapnel
33%
Deathmatch Turbine
33%
Deathmatch Arcane
25%
Domination Cinder
25%
Deathmatch Fractal
25%
Domination Leadworks
25%
Deathmatch Stalwart
25%
Deathmatch Tempest
25%
No matching quizzes found
Score Distribution
Percent of People with Each Score
Percentile by Number Answered
Your Score History
You have not taken this quiz